Maggior numero di Vittorie al Gran Premio di Gran Bretagna - Statistics

Statistiche generali
  • Questo quiz è stato fatto 4 volte
  • Il punteggio medio è 8 su 17
Statistiche sulle risposte
Numero vittorie Stagioni delle vittorie Pilota % Corretto
5 1983, 1985, 1989, 1990, 1993 Alain Prost
100%
8 2008, 2014, 2015, 2016, 2017, 2019, 2020, 2021 Lewis Hamilton
100%
3 1998, 2002, 2004 Michael Schumacher
100%
3 1976, 1982, 1984 Niki Lauda
100%
2 2006, 2011 Fernando Alonso
75%
4 1986, 1987, 1991, 1992 Nigel Mansell
75%
2 1951, 1954 Alberto Ascari
50%
2 1999, 2000 David Coulthard
50%
3 1959, 1960, 1966 Jack Brabham
50%
2 1996, 1997 Jacques Villeneuve
25%
5 1962, 1963, 1964, 1965, 1967 Jim Clark
25%
2 1972, 1975 Emerson Fittipaldi
0%
2 1969, 1971 Jackie Stewart
0%
2 1952, 1953 José Froilán González
0%
2 2010, 2012 Mark Webber
0%
2 2009, 2018 Sebastian Vettel
0%
2 1955, 1957 Stirling Moss
0%
Nessun quiz corrispondente trovato
Distribuzione punteggi
Percentuale di utenti per punteggio
Percentile per numero di risposta
I tuoi punteggi nel tempo
Non hai fatto questo quiz